000 00837nam a22002897a 4500
001 BR7400850
003 BR-BrBNA
005 20230928084532.0
007 ta
008 230509b bl.||||| |||| 00| 0 por d
040 _aBR-BrBNA
_bpor
_cBiblioteca Nacional de Agricultura
041 _a(Por)
072 _aF25
_b0230
_b3830
090 _ 0230 BR7400850
110 1 _aInstituto Agronomico do Nordeste, Recife, PE (Brasil)
_95625
245 1 _aAdubacao de cana de acucar [fertilizante fosfatado]
260 3 _aRecife, PE (Brasil):
_c1959.
300 _a14 p.
500 _aReprint of "Lavoura Canavieira" no. 19, 1959
650 _aCANA DE ACUCAR
650 _aADUBACAO
650 _aSOLO ARENO-ARGILOSO
650 _aFERTILIZANTE FOSFATADO
650 _aRENDIMENTO
909 _a202309
_bLucia
_c55
_dLucia Elande
942 _cBK
999 _c19597
_d19597